000 00888nam a2200253 4500
003 OSt
005 20260530115317.0
008 260507b2004 mx ||||| |||| 00| 0 spa d
020 _a9789709703269
040 _aICI
_bspa
_cICI
_erda
041 _aspa
100 _aVega Hubard Luis y Rodrigo
_933773
245 1 0 _aDiego y Frida te invitan a su casa.
260 _aMéxico :
_bCONACULTA,
_c2004.
300 _a1 volumen :
_bilustraciones ;
_c28 cm.
504 _aIncluye referencias bibliográficas.
600 1 0 _aRivera, Diego,
_d1886-1957
_xCasas y museos.
_933774
600 1 0 _aKahlo, Frida,
_d1907-1954
_xCasas y museos.
_933775
650 4 _aPintura mexicana
_ySiglo XX.
_916604
650 4 _aArquitectura doméstica mexicana.
_933776
650 4 _aMuseos de artistas
_zMéxico.
_933777
651 _aCasa Estudio Diego Rivera y Frida Kahlo (México, D.F.)
_933778
942 _2lcc
_cBK
_n1
999 _c13612
_d13612